000 00441nam a2200157Ia 4500
008 210210b1976 xxu||||| |||| 00| 0 eng d
020 _a0 07 016302 2
082 _a658.8 DELM
100 _aDeLOZIER (M Wayne).
245 _aMarketing communications process.
260 _aLondon.
_bMcGraw Hill Kogakusha., Ltd.,
_c1976
300 _axii,324
650 _aMarketing Communications
690 _aMarketing Management
906 _aSG01404
999 _c112739
_d112739